Το νόημα της εργασίας

Αποθηκεύτηκε σε:
Λεπτομέρειες βιβλιογραφικής εγγραφής
Κύριος συγγραφέας: Σαβράμης, Δημοσθένης Σ.
Άλλοι συγγραφείς: Μαζαράκης, Ευστάθιος
Μορφή: Βιβλίο
Γλώσσα:Greek
Δημοσίευση: Αθήναι : [χ.ό.], 1953.
Θέματα:
Ετικέτες: Προσθήκη ετικέτας
Δεν υπάρχουν, Καταχωρήστε ετικέτα πρώτοι!

MARC

LEADER 00000cam a2200000 i 4500
001 1/87458
008 051014s1953 gr | ||| |||| ||gre||
035 |l 10080825 
040 |a GR-MY-UA  |b gre  |e aacr 
041 0 |a gre 
082 7 |a 272   |2 (22) 
100 1 |a Σαβράμης, Δημοσθένης Σ. 
245 1 3 |a Το νόημα της εργασίας /   |c Δημοσθένους Σ. Σαβράμη ; πρόλογος: Ευσταθίου Μαζαράκη.  
260 |a Αθήναι :   |b [χ.ό.],   |c 1953.  
300 |a 102 σ. ;   |c 22 εκ.  
500 |a Με: Χριστιανισμός και κοινωνική πρόνοια / Δημοσθένους Σ. Σαβράμη. - Πολιτική μόρφωσης των χριστιανικών και μουσουλμανικών λαών / Γ. Παπαγεωργίου - Εράλδυ.  
504 |a Περιέχει βιβλιογραφικές παραπομπές.  
650 0 0 |a Work. 
700 1 |a Μαζαράκης, Ευστάθιος. 
852 |a INST  |b RHODES  |c KRI  |e 20051014  |h  272 ΣΑΒ  |p 005400028400  |q 005400028400  |t BK  |y 0 
901 |a BIBL4-2005-3 
909 |a Ρ  |b 122547 
970 |a ΣΙΔΕΡΗ  |b ΝΕΚΤΑΡΙΑ  |z 2005/10/14